000 00516nam a22001697a 4500
003 OSt
005 20250708090352.0
008 250708b |||||||| |||| 00| 0 eng d
020 _a0-89283-165-0
040 _aDWC-Main Lib
_cOC
082 _aCirc. 248.4 K51t 1982
100 _aKinzer, Mark
245 _aTaming the tongue:
_bwhy Christians should care abut what they say/
_cMark Kinzer
260 _aAnn Arbor, Michigan:
_bServant Books,
_cc1982.
300 _a143 pages;
_c18cm.
942 _2ddc
_cBK-CIRC
_kCirc.
_n0
999 _c3488
_d3488